New quests in stellar astrophysics-the link between stars and cosmology (Record no. 16007)
[ view plain ]
| 000 -LEADER | |
|---|---|
| fixed length control field | 00972nam a2200241Ia 4500 |
| 003 - CONTROL NUMBER IDENTIFIER | |
| control field | IN-BaIIA |
| 008 - FIXED-LENGTH DATA ELEMENTS--GENERAL INFORMATION | |
| fixed length control field | 211028s9999 xx 000 0 eng d |
| 020 ## - INTERNATIONAL STANDARD BOOK NUMBER | |
| International Standard Book Number | 1-4020-0644-6 |
| 040 ## - CATALOGING SOURCE | |
| Transcribing agency | IIA Library |
| 080 ## - UNIVERSAL DECIMAL CLASSIFICATION NUMBER | |
| Universal Decimal Classification number | 52(082.1) |
| Item number | ASS-274 |
| 111 ## - MAIN ENTRY--MEETING NAME | |
| Meeting name or jurisdiction name as entry element | International Conference on New Quests in Stellar Astrophysics |
| Location of meeting | Mexico |
| Date of meeting or treaty signing | 2001 Mar. 26-30 |
| 9 (RLIN) | 29600 |
| 245 #0 - TITLE STATEMENT | |
| Title | New quests in stellar astrophysics-the link between stars and cosmology |
| Remainder of title | proceedings of the International conference held Puerto Vallarta, Mexico, 26-30 Mar 2001 |
| Statement of responsibility, etc. | edited by Miguel Chavez…[et al.] |
| 260 ## - PUBLICATION, DISTRIBUTION, ETC. | |
| Place of publication, distribution, etc. | Dordrecht |
| Name of publisher, distributor, etc. | Kluwer Academic |
| Date of publication, distribution, etc. | 2002 |
| 300 ## - PHYSICAL DESCRIPTION | |
| Extent | Ixiv, 311p. |
| 490 ## - SERIES STATEMENT | |
| Series statement | Astrophysics and space science library; v. 274 |
| 650 ## - SUBJECT ADDED ENTRY--TOPICAL TERM | |
| Topical term or geographic name entry element | Stars |
| 650 ## - SUBJECT ADDED ENTRY--TOPICAL TERM | |
| Topical term or geographic name entry element | Stellar astrophysics |
| 700 ## - ADDED ENTRY--PERSONAL NAME | |
| Personal name | Bressan, A., ed. |
| 9 (RLIN) | 29601 |
| 700 ## - ADDED ENTRY--PERSONAL NAME | |
| Personal name | Buzzoni, A., ed. |
| 9 (RLIN) | 29602 |
| 700 ## - ADDED ENTRY--PERSONAL NAME | |
| Personal name | Chavez, Miguel, ed. |
| 9 (RLIN) | 29603 |
| 700 ## - ADDED ENTRY--PERSONAL NAME | |
| Personal name | Mayya, D., ed. |
| 9 (RLIN) | 29604 |
| 942 ## - ADDED ENTRY ELEMENTS (KOHA) | |
| Koha item type | Books |
| Withdrawn status | Lost status | Damaged status | Not for loan | Home library | Current library | Shelving location | Date acquired | Source of acquisition | Cost, normal purchase price | Total Checkouts | Full call number | Barcode | Date last seen | Cost, replacement price | Price effective from | Koha item type | Purchase Price |
|---|---|---|---|---|---|---|---|---|---|---|---|---|---|---|---|---|---|
| IIA Library-Bangalore | IIA Library-Bangalore | General Stacks | 25/11/2005 | ANJ | 7179.70 | 52(082.1)/ ASS-274 | 16929 | 05/11/2021 | 7179.70 | 25/11/2005 | Books | Rs. 7179.70 |